000 00603nam a2200193 4500
001 125680
003 ES-MaACL
005 20230906192659.0
007 t|
008 070214s1960 sp r ||||1| spa d
100 1 _aRathbone, Josephine L.
_995524
245 1 0 _aAprenda a descansar /
_cJosephine L. Rathbone ; traducción del inglés por Juan G. de Luaces, José Baeza.
250 _a1ª. ed.
260 _aBarcelona :
_bJuventud,
_c1960.
300 _a221 p. :
_bil. ;
_c23 cm.
700 1 _aLuaces, Juan G. de.
_974483
700 1 _aBaeza, José.
_924613
852 _aES-MaACL
_jC-18480
_bR.46721
999 _c125680
_d125680